000 00428nam a2200181Ia 4500
001 3029
005 20260306144850.0
008 260306t1998||||xx |||||||||||||| ||spa||
041 _aESP
082 _a243
_bM44
100 _aMessori, Vittorio [1941-...]
_eAUT
245 0 _aLos desafíos del católico
260 _c1998
300 _a197 páginas :
_c21 cm.
650 _aGEN
654 _aCHU
942 _cLIB
_dJUS
_fJUS
_2ddc
_n
999 _c3029
_d3029